Juhász Gyula kedvenc szavai vázlat /

Elmentve itt :
Bibliográfiai részletek
Szerző: Benkő László
További közreműködők: Juhász Gyula
Dokumentumtípus: Cikk
Megjelent: 1960
Sorozat:A Szegedi Pedagógiai Főiskola évkönyve
Kulcsszavak:Nyelvészet - magyar, Magyar irodalom - költészet
Tárgyszavak:
Online Access:http://acta.bibl.u-szeged.hu/17384
LEADER 00754nab a2200217 i 4500
001 acta17384
005 20240321140251.0
008 161015s1960 hu o 0|| hun d
022 |a 0586-3686 
040 |a SZTE Egyetemi Kiadványok Repozitórium  |b hun 
041 |a hun 
100 1 |a Benkő László 
245 1 0 |a Juhász Gyula kedvenc szavai   |h [elektronikus dokumentum] :  |b vázlat /  |c  Benkő László 
260 |c 1960 
300 |a 3-14 
490 0 |a A Szegedi Pedagógiai Főiskola évkönyve 
650 4 |a Bölcsészettudományok 
650 4 |a Nyelvek és irodalom 
695 |a Nyelvészet - magyar, Magyar irodalom - költészet 
700 0 1 |a Juhász Gyula 
856 4 0 |u http://acta.bibl.u-szeged.hu/17384/1/tanarkepzo_1960_1_003-014.pdf  |z Dokumentum-elérés